Acronymes en rapport avec le domaine de l'éducation - Statistiques

Statistiques générales
  • Ce quiz a été pris 30 fois
  • Le résultat moyen est 13 sur 40
Statistiques - réponses
Acronyme Signification % Correct
EPS Education Physique et Sportive
74%
BTS Brevet de Technicien Supérieur
70%
CPE Conseiller Principal d'Education
61%
CE1 Cours Elémentaire 1ère année
61%
CE2 Cours Elémentaire 2ème année
61%
CM1 Cours Moyen 1ère année
57%
CM2 Cours Moyen 2ème année
57%
DNB Diplôme National du Brevet
57%
SES Sciences Economiques et Sociales
57%
SVT Sciences de la Vie et de la Terre
52%
ZEP Zone d'Education Prioritaire
52%
CAP Certificat d'Aptitude Professionnelle
43%
IUT Institut Universitaire de Technologie
43%
CDI Centre de Documentation et d'Information
39%
CM Cours Magistral
35%
JPO Journée Portes Ouvertes
35%
CPGE Classe Préparatoire aux Grandes Ecoles
30%
ENT Espace Numérique de Travail
30%
BEP Brevet d'Enseignement Professionnel
26%
HDA Histoire des Arts
26%
CNED Centre National d'Enseignement à Distance
22%
DP Demi-pensionnaire
22%
FSE Foyer Socio-Educatif
22%
LPo Lycée Polyvalent
22%
MEN Ministère de l'Education Nationale
22%
NumEN Numéro Education Nationale
22%
REP Réseau d'Education Prioritaire
22%
SEGPA Section d'enseignement général et professionnel adapté
22%
TPE Travaux Personnels Encadrés
22%
ASSR Attestation Scolaire de Sécurité Routière
17%
ENS Ecole Normale Supérieure
17%
HLP Humanités, Littérature, Philosophie
17%
LVO Langue Vivante Obligatoire
17%
STAPS Sciences et techniques des activités physiques et sportives
13%
CROUS Centre régional des œuvres universitaires et scolaires
9%
LEGT Lycée d'Enseignement Général et Technologique
9%
STMG Sciences et Technologies du Management et de la Gestion
9%
ATSEM Agent territorial spécialisé d’école maternelle
0%
C2I Certificat Informatique et Internet
0%
ONISEP Office national d'information sur les enseignements et les professions
0%
Aucun quiz correspondant
Distribution des résultats
% des personnes avec chaque résultat
Percentile par nombre de réponses
Votre historique - résultats
Vous n’avez pas pris ce quiz